000 01131nam a22002177a 4500
003 NALT
005 20260319091539.0
008 240607b th ||||| |||| 00| 0 eng d
040 _aNALT
086 _aUN 06 1.1 2021
110 2 _aUnited Nations Development Programme Thailand.
_964007
245 1 0 _aAnnual Report 2021 UNDP in Thailand /
_cUnited Nations Development Programme Thailand.
260 _aBangkok :
_bUnited Nations Development Programme Thailand,
_cn.d.
300 _a46 p. :
_bill., table, chart ;
_c23 cm.
505 2 _aSection 1: Fostering social cohesion, democratic governance and rule of law -- Section 2: Promoting wildlife conservation, climate action and a green environment -- Section 3: Strengthening gender equality and social inclusion -- Section 4: Innovating and partnering for a sustainable future.
856 4 0 _uhttps://www.undp.org/thailand/publications/undp-thailand-annual-report-2021
942 _cGOV
_2local
996 _achunbijaya.r
_bCATSTF
_c2024-06-07
996 _ajamriang.p
_bCATSTF
_c2024-06-20
999 _c105248
_d105248
998 _j1020
_k นางจำเรียง ระวังสำโรง